[Event "C.to Provinciale PD"]
[Site "Padova ITA"]
[Date "1998.??.??"]
[Round "3"]
[White "Luisetto, Alessandro"]
[Black "Santi, Lorenzo"]
[Result "1-0"]
[WhiteElo "1789"]
[BlackElo "1600"]
[PlyCount "79"]
[EventDate "1998.??.??"]

1. g3 Nf6 2. Bg2 d5 3. d3 Bg4 4. Nf3 Nc6 5. O-O Qd7 6. Re1 e6 7. c3 Bd6 8. Nbd2
O-O 9. Qc2 Bxf3 10. Nxf3 Ne5 11. e4 dxe4 12. dxe4 Nxf3+ 13. Bxf3 e5 14. Bg5 Qe6
15. Bg2 Bc5 16. h3 Nh5 17. Kh2 f6 18. Be3 Bd6 19. Bf1 a6 20. Bd3 Rf7 21. Qe2
Nf4 22. Bxf4 exf4 23. Bc4 fxg3+ 24. fxg3 Qe5 25. Bxf7+ Kxf7 26. Qf3 Kg8 27.
Rad1 c6 28. Rd3 Rf8 29. Qf5 Qe7 30. Red1 g6 31. Qg4 f5 32. exf5 Be5 33. fxg6
hxg6 34. Qxg6+ Bg7 35. Qg4 Qc5 36. Rf3 Re8 37. Rdf1 Re2+ 38. Kh1 Re8 39. Qf5
Qd6 40. Qf7+ 1-0

[Event "C.to Provinciale PD"]
[Site "Padova ITA"]
[Date "1998.??.??"]
[Round "3"]
[White "Molena, Paolo"]
[Black "Marcuzzo, Giorgio"]
[Result "0-1"]
[WhiteElo "1507"]
[BlackElo "1531"]
[PlyCount "56"]
[EventDate "1998.??.??"]

1. b4 e5 2. Bb2 Bxb4 3. e4 Nc6 4. Bc4 Nf6 5. Nf3 d6 6. O-O Nxe4 7. Re1 Nf6 8.
c3 Ba5 9. Bxf7+ Kxf7 10. Qb3+ d5 11. Qa4 Re8 12. Ng5+ Kg8 13. Qh4 Bf5 14. Na3
Ne4 15. Rxe4 Bxe4 16. Qh5 Bg6 17. Qg4 Bb6 18. h4 Qf6 19. d4 exd4 20. c4 dxc4
21. Nxc4 Qf5 22. Qd1 d3 23. Nxb6 axb6 24. Qb3+ Kh8 25. Qc3 Qe5 26. Qd2 Qe2 27.
Qc3 Re7 28. Nf7+ Rxf7 0-1

[Event "C.to Provinciale PD"]
[Site "Padova ITA"]
[Date "1998.??.??"]
[Round "3"]
[White "Navarro, Tommaso"]
[Black "Scarpa, Luca"]
[Result "0-1"]
[WhiteElo "1300"]
[BlackElo "1400"]
[PlyCount "102"]
[EventDate "1998.??.??"]

1. e4 e6 2. d4 d5 3. e5 c5 4. c3 cxd4 5. cxd4 a6 6. Nf3 Bd7 7. Nc3 Qb6 8. a3
Nc6 9. Na4 Qc7 10. Qb3 b5 11. Nc3 Na5 12. Qc2 Rb8 13. b4 Nc4 14. Bxc4 Qxc4 15.
Nd2 Qxd4 16. Nf3 Qc4 17. Bb2 d4 18. Nd2 Qc6 19. Rc1 dxc3 20. Qxc3 Qxg2 21. Rf1
Qa8 22. f3 Rc8 23. Qd3 Be7 24. Rd1 Bc6 25. Ne4 Bh4+ 26. Ke2 Bxe4 27. fxe4 Rd8
28. Qf3 Nh6 29. Bc1 Rxd1 30. Kxd1 Qd8+ 31. Ke2 Bg5 32. Rd1 Qe7 33. Qf2 Bxc1 34.
Rxc1 O-O 35. Qg3 f5 36. exf5 Nxf5 37. Qg4 Nh6 38. Qg3 Qd8 39. Rc6 Qd5 40. Rxa6
Qa2+ 41. Ke1 Qb1+ 42. Kd2 Qb2+ 43. Kd1 Rf1+ 44. Qe1 Qb1+ 45. Kd2 Qxe1+ 46. Kd3
Qxe5 47. a4 Rd1+ 48. Kc2 Qe2+ 49. Kb3 Qc4+ 50. Kb2 Rd2+ 51. Kb1 Qf1# 0-1

[Event "C.to Provinciale PD"]
[Site "Padova ITA"]
[Date "1998.??.??"]
[Round "3"]
[White "Porcelli, Domenico"]
[Black "Musiani, Carlo"]
[Result "1-0"]
[WhiteElo "1400"]
[BlackElo "1300"]
[PlyCount "35"]
[EventDate "1998.??.??"]

1. d4 e6 2. Nc3 d5 3. Nf3 Nc6 4. Bf4 a6 5. e3 Bd7 6. Be2 Nf6 7. O-O Bb4 8. Qd3
Qe7 9. Bxc7 Rc8 10. Be5 Bxc3 11. bxc3 O-O 12. Ng5 g6 13. f4 Na5 14. a4 Bc6 15.
Rf3 Ne4 16. Nxh7 Kxh7 17. Rh3+ Kg8 18. Rh8# 1-0

[Event "C.to Provinciale PD"]
[Site "Padova ITA"]
[Date "1998.??.??"]
[Round "3"]
[White "Quaranta, Cristiano"]
[Black "Aguggiaro, Renzo"]
[Result "1/2-1/2"]
[WhiteElo "1500"]
[BlackElo "1516"]
[PlyCount "54"]
[EventDate "1998.??.??"]

1. e4 c5 2. d4 cxd4 3. c3 dxc3 4. Nxc3 Nc6 5. Nf3 d6 6. Bc4 h6 7. O-O Nf6 8. e5
Nxe5 9. Nxe5 e6 10. Nf3 Be7 11. Be3 O-O 12. Qb3 d5 13. Be2 b6 14. Rfd1 Bb7 15.
Rac1 Qb8 16. h3 Bc6 17. Nb5 Qb7 18. Rc2 Rac8 19. Rdc1 Bxb5 20. Bxb5 Ne4 21. Qd3
Rxc2 22. Qxc2 Bc5 23. Bxc5 bxc5 24. Bd3 Nd6 25. b3 Rc8 26. Qe2 Qb4 27. Rc2 a5
1/2-1/2

[Event "C.to Provinciale PD"]
[Site "Padova ITA"]
[Date "1998.??.??"]
[Round "3"]
[White "Quaranta, Gaetano"]
[Black "Flora, Vincenzo"]
[Result "1-0"]
[WhiteElo "1522"]
[BlackElo "1500"]
[PlyCount "116"]
[EventDate "1998.??.??"]

1. e4 e6 2. d4 d5 3. e5 c5 4. c3 Nc6 5. Nf3 Qb6 6. Be2 cxd4 7. cxd4 Bb4+ 8. Kf1
Nge7 9. a3 Qa5 10. Bd2 Bxd2 11. Nbxd2 Nf5 12. Nb3 Qa4 13. g4 Nfe7 14. Rc1 b6
15. Kg2 Ba6 16. Bxa6 Qxa6 17. Rc3 O-O 18. Qc2 Rac8 19. Ng5 Ng6 20. Rxc6 Rxc6
21. Qxc6 Nh4+ 22. Kh3 Qd3+ 23. Kxh4 h6 24. Nxf7 Rxf7 25. Qc3 Qxc3 26. bxc3 Rxf2
27. Kg3 Rb2 28. Nc1 Rc2 29. Rf1 Rxc3+ 30. Kf4 Rxa3 31. g5 hxg5+ 32. Kxg5 b5 33.
Ne2 b4 34. Nf4 Ra6 35. Rb1 Rb6 36. Nd3 a5 37. Kg6 b3 38. Rb2 a4 39. Nc5 a3 40.
Rxb3 Rxb3 41. Nxb3 a2 42. Kg5 Kf7 43. Kf4 Kg6 44. Ke3 Kf5 45. Kd3 g5 46. Kc2
Kg4 47. Kb2 Kh3 48. Nd2 g4 49. Nf1 Kg2 50. Ne3+ Kf3 51. Nxg4 Kxg4 52. Kxa2 Kf4
53. Kb3 Ke4 54. Kc3 Kf3 55. h3 Kf4 56. Kb4 Kg5 57. Kc5 Kh4 58. Kd6 Kxh3 1-0

[Event "C.to Provinciale PD"]
[Site "Padova ITA"]
[Date "1998.??.??"]
[Round "3"]
[White "Salata, Alessio"]
[Black "Bonetto, Giorgio"]
[Result "0-1"]
[WhiteElo "1567"]
[BlackElo "1546"]
[PlyCount "82"]
[EventDate "1998.??.??"]

1. f4 e6 2. Nf3 d5 3. d4 b6 4. e3 Be7 5. Bd3 Ba6 6. O-O Bxd3 7. Qxd3 Nd7 8. Ne5
Ngf6 9. Nc6 Qc8 10. b4 Ne4 11. Nd2 Ndf6 12. Nf3 Bd6 13. Ba3 a6 14. c4 O-O 15.
c5 Qd7 16. Nfe5 Bxe5 17. Nxe5 Qb5 18. Qc2 Rfc8 19. Rab1 Ne8 20. Bc1 N8f6 21. c6
a5 22. a4 Qa6 23. b5 Qa7 24. g4 Kh8 25. Nxf7+ Kg8 26. Ne5 Rf8 27. Ba3 Rfe8 28.
Bb2 Qb8 29. Qe2 g6 30. Rf3 Re7 31. Rbf1 Kh8 32. f5 gxf5 33. gxf5 Rg7+ 34. Kh1
Qg8 35. Qe1 exf5 36. Rxf5 Qe6 37. Qh4 Rag8 38. Nd3 Rg4 39. Qe1 Qe7 40. Ne5 Rg2
41. Nd3 41... Qg7 {...} 0-1

[Event "C.to Provinciale PD"]
[Site "Padova ITA"]
[Date "1998.??.??"]
[Round "3"]
[White "Sanavio, Giancarlo"]
[Black "Marigo, Narciso"]
[Result "0-1"]
[WhiteElo "1600"]
[BlackElo "1603"]
[PlyCount "65"]
[EventDate "1998.??.??"]

1. Nf3 d6 2. g3 e5 3. d3 Nf6 4. c4 Be7 5. Nc3 Nbd7 6. Bg2 Nf8 7. O-O Ng6 8. d4
Nd7 9. dxe5 Ndxe5 10. Qc2 O-O 11. Nd5 Re8 12. e4 Bf8 13. Bg5 f6 14. Be3 Kh8 15.
Rad1 Bg4 16. Nxe5 Nxe5 17. f3 Bh5 18. Bd4 Bf7 19. Ne3 Be6 20. h3 Qd7 21. Kh2
Qf7 22. b3 Qh5 23. Bxe5 dxe5 24. f4 exf4 25. Rxf4 Bd6 26. Rh4 Qxh4 27. Rxd6 Qg5
28. Rd3 Rad8 29. Nd5 Rd7 30. c5 Red8 31. Nxc7 Rxd3 32. Nxe6 Qxg3+ 33. Kh1 0-1

[Event "C.to Provinciale PD"]
[Site "Padova ITA"]
[Date "1998.??.??"]
[Round "3"]
[White "Tresin, Ardilio"]
[Black "Tessari, Gianni"]
[Result "1/2-1/2"]
[WhiteElo "1500"]
[BlackElo "1400"]
[PlyCount "152"]
[EventDate "1998.??.??"]

1. Nf3 d5 2. d4 Nf6 3. e3 Bg4 4. Be2 e6 5. O-O Bd6 6. Nbd2 Nbd7 7. c4 dxc4 8.
Nxc4 Nb6 9. Nxd6+ cxd6 10. Bb5+ Nfd7 11. h3 Bh5 12. Bd2 O-O 13. Bb4 a6 14. Be2
Nf6 15. Rc1 Nbd5 16. Bc3 Nxc3 17. Rxc3 Nd5 18. Rc4 Qb6 19. Qd2 Rfc8 20. Rfc1
Qd8 21. a3 Rxc4 22. Rxc4 Rc8 23. Qc2 Nb6 24. Rxc8 Qxc8 25. Qxc8+ Nxc8 26. g4
Bg6 27. Nh4 Bc2 28. Nf3 Kf8 29. Ne1 Bb3 30. Bd3 Nb6 31. Bc2 Bc4 32. b3 Bd5 33.
Nd3 Be4 34. Ne1 Bxc2 35. Nxc2 Ke7 36. f4 Kf6 37. Kf2 g5 38. Kf3 gxf4 39. Kxf4
Nd5+ 40. Kg3 e5 41. h4 Nc3 42. dxe5+ Kxe5 43. Kf3 f6 44. Nd4 Nb1 45. a4 Nd2+
46. Ke2 Ne4 47. Kf3 d5 48. Ke2 Nd6 49. Kd3 f5 50. g5 f4 51. h5 fxe3 52. Kxe3
Ne8 53. g6 h6 54. Nf3+ Kd6 55. Kd4 Ke6 56. Ne5 Ng7 57. Ng4 Nxh5 58. Nxh6 Ng7
59. Nf7 Nf5+ 60. Kd3 Ne7 61. Nd8+ Kd7 62. Nxb7 Kc7 63. Nc5 Nxg6 64. Nxa6+ Kb6
65. Nb4 Kc5 66. Na6+ Kb6 67. Nb8 Kc7 68. Na6+ Kb6 69. Nb4 Kc5 70. Nc2 Nf4+ 71.
Kd2 d4 72. Na3 Nd5 73. Kd3 Nc3 74. a5 Na4 75. Nc2 Nb2+ 76. Kd2 Kb5 1/2-1/2

[Event "C.to Provinciale PD"]
[Site "Padova ITA"]
[Date "1998.??.??"]
[Round "3"]
[White "Zotti, Enrico"]
[Black "Palmieri, Vincenzo"]
[Result "1-0"]
[WhiteElo "1719"]
[BlackElo "1300"]
[PlyCount "89"]
[EventDate "1998.??.??"]

1. e4 e5 2. Nf3 Nc6 3. Bb5 Bc5 4. O-O Nd4 5. Nxd4 Bxd4 6. c3 Bb6 7. d4 Qe7 8.
Be3 Nf6 9. Nd2 O-O 10. Qe2 d6 11. f3 a6 12. Bd3 c6 13. Nc4 Bc7 14. dxe5 dxe5
15. Qf2 b5 16. Bc5 Qd8 17. Ne3 Re8 18. Rfd1 Nd7 19. Ba3 Bb6 20. Kh1 Qg5 21. Re1
Re6 22. Qe2 Rg6 23. Nf5 Bc5 24. Bxc5 Nxc5 25. Bc2 Ne6 26. g3 Ra7 27. Rad1 Nf8
28. Qf2 Rf6 29. Qxa7 Bxf5 30. exf5 Rxf5 31. Bxf5 Qxf5 32. Qe3 f6 33. Qe4 Qe6
34. f4 f5 35. Qxe5 Qxa2 36. Rd8 Qf7 37. Qe8 g6 38. Qxf8+ Qxf8 39. Rxf8+ Kxf8
40. Re6 c5 41. Rxa6 Ke7 42. Rb6 Kd7 43. Rxb5 Kc6 44. c4 h6 45. h4 1-0

[Event "C.to Provinciale PD"]
[Site "Padova ITA"]
[Date "1998.??.??"]
[Round "4"]
[White "Aguggiaro, Renzo"]
[Black "Salata, Alessio"]
[Result "0-1"]
[WhiteElo "1516"]
[BlackElo "1567"]
[PlyCount "38"]
[EventDate "1998.??.??"]

1. d4 f5 2. c4 Nf6 3. Nc3 e6 4. Bg5 Be7 5. g3 c6 6. Nf3 O-O 7. Qc2 d5 8. Ne5
Nbd7 9. O-O-O Nxe5 10. dxe5 Ne4 11. Be3 Qa5 12. Qa4 Qc7 13. f3 Nxc3 14. bxc3
Bd7 15. Qb3 b5 16. c5 a5 17. g4 f4 18. Bd4 b4 19. c4 a4 0-1

[Event "C.to Provinciale PD"]
[Site "Padova ITA"]
[Date "1998.??.??"]
[Round "4"]
[White "Bonetto, Giorgio"]
[Black "Quaranta, Gaetano"]
[Result "1-0"]
[WhiteElo "1546"]
[BlackElo "1522"]
[PlyCount "111"]
[EventDate "1998.??.??"]

1. e4 e5 2. f4 exf4 3. Nf3 d6 4. d4 Bg4 5. Bxf4 Nf6 6. Nbd2 g6 7. h3 Bxf3 8.
Qxf3 Nh5 9. O-O-O Nxf4 10. Qxf4 Bg7 11. Bc4 Qf6 12. Qxf6 Bxf6 13. Rhf1 Nd7 14.
c3 Rf8 15. Rf3 Bg5 16. Kc2 f6 17. Rdf1 O-O-O 18. Be6 Kb8 19. g3 Rfe8 20. d5 Nc5
21. h4 Bxd2 22. Kxd2 Nxe4+ 23. Ke3 f5 24. g4 c6 25. c4 cxd5 26. cxd5 a6 27.
gxf5 gxf5 28. Rg1 Nc5 29. Rxf5 Nxe6 30. dxe6 Rxe6+ 31. Kd4 Rde8 32. Rg7 R6e7
33. Rff7 Rxf7 34. Rxf7 Re2 35. Kc3 h5 36. Rf5 Re5 37. Rxe5 dxe5 38. Kc4 Kc7 39.
Kd5 Kd7 40. Kxe5 Ke7 41. Kf5 Kf7 42. Kg5 Kg7 43. Kxh5 b6 44. Kg5 a5 45. Kf5 Kh6
46. Ke5 Kh5 47. Kd5 Kxh4 48. Kc6 Kg4 49. Kxb6 Kf4 50. Kxa5 Ke4 51. Kb4 Kd5 52.
Kb5 Kd6 53. Kb6 Kd7 54. Kb7 Kd6 55. a4 Kc5 56. a5 1-0

[Event "C.to Provinciale PD"]
[Site "Padova ITA"]
[Date "1998.??.??"]
[Round "4"]
[White "Favale, Giuseppe"]
[Black "Porcelli, Domenico"]
[Result "0-1"]
[WhiteElo "1400"]
[BlackElo "1400"]
[PlyCount "82"]
[EventDate "1998.??.??"]

1. d4 c5 2. d5 d6 3. e4 e5 4. Bb5+ Bd7 5. a4 Nf6 6. Bg5 Be7 7. Bxd7+ Nbxd7 8.
Nc3 h6 9. Bh4 O-O 10. Nge2 Nh7 11. Bxe7 Qxe7 12. O-O Ndf6 13. Ng3 g6 14. Qd2
Kg7 15. f4 Ng4 16. h3 Qh4 17. hxg4 Qxg3 18. Rf3 Qxg4 19. fxe5 Ng5 20. Re3 dxe5
21. Qe2 Qxe2 22. Rxe2 f5 23. Rf1 f4 24. Nb5 a6 25. Nc7 Rac8 26. d6 Rfd8 27.
Ne8+ Kf7 28. Rd1 Kxe8 29. Red2 Rd7 30. Rd5 Nf7 31. Kf2 Rc6 32. g3 Rcxd6 33.
gxf4 Rxd5 34. Rxd5 Rxd5 35. exd5 exf4 36. Kf3 g5 37. c4 Nd6 38. b3 b6 39. Kg4
Ke7 40. Kf3 h5 41. a5 bxa5 0-1

[Event "C.to Provinciale PD"]
[Site "Padova ITA"]
[Date "1998.??.??"]
[Round "4"]
[White "Flora, Vincenzo"]
[Black "Carraro, Antonio"]
[Result "0-1"]
[WhiteElo "1500"]
[BlackElo "1543"]
[PlyCount "70"]
[EventDate "1998.??.??"]

1. d4 Nf6 2. c4 e6 3. Nc3 Bb4 4. e3 c5 5. Bd3 cxd4 6. exd4 Nc6 7. Nf3 d5 8. O-O
dxc4 9. Bxc4 O-O 10. Re1 a6 11. a3 Be7 12. b4 b5 13. Ba2 Bb7 14. d5 exd5 15.
Bxd5 Nxd5 16. Nxd5 Bf6 17. Nxf6+ Qxf6 18. Be3 Rfe8 19. Bc5 h6 20. Qd7 Rxe1+ 21.
Rxe1 Rb8 22. Bd6 Qd8 23. Qxd8+ Rxd8 24. Rd1 f6 25. Kf1 Ne5 26. Nxe5 fxe5 27. f3
e4 28. fxe4 Bxe4 29. g3 Kf7 30. Ke2 Ke6 31. Bf4 Bf3+ 32. Kxf3 Rxd1 33. Ke4 Ra1
34. Be5 Re1+ 35. Kf3 35... Rxe5 {...} 0-1

[Event "C.to Provinciale PD"]
[Site "Padova ITA"]
[Date "1998.??.??"]
[Round "4"]
[White "Marcuzzo, Giorgio"]
[Black "Sanavio, Giancarlo"]
[Result "0-1"]
[WhiteElo "1531"]
[BlackElo "1600"]
[PlyCount "40"]
[EventDate "1998.??.??"]

1. e4 Nf6 2. e5 Nd5 3. d4 d6 4. Bc4 c6 5. Qf3 dxe5 6. dxe5 Be6 7. Nh3 Qc7 8.
Bxd5 Bxd5 9. Qg3 Nd7 10. Bf4 e6 11. Nc3 Bc4 12. Ne4 Qa5+ 13. c3 O-O-O 14. Nhg5
Nc5 15. Nxc5 Bxc5 16. Bd2 Rd3 17. Qg4 Bxf2+ 18. Kxf2 Rxd2+ 19. Ke1 Re2+ 20. Kd1
Qa4+ 0-1

[Event "C.to Provinciale PD"]
[Site "Padova ITA"]
[Date "1998.??.??"]
[Round "4"]
[White "Marigo, Narciso"]
[Black "Luisetto, Alessandro"]
[Result "0-1"]
[WhiteElo "1603"]
[BlackElo "1789"]
[PlyCount "62"]
[EventDate "1998.??.??"]

1. Nc3 g6 2. e4 Bg7 3. d3 d6 4. Nce2 c5 5. Ng3 Qb6 6. c3 Nf6 7. Be2 Nc6 8. Nf3
h5 9. h4 Ng4 10. Ng5 Nce5 11. Nh3 Bd7 12. Nf4 Nf6 13. Qc2 Neg4 14. f3 Ne5 15.
Be3 Rc8 16. Qd2 Nc6 17. Bd1 Qc7 18. Nge2 O-O 19. Bb3 e6 20. Rg1 Ne5 21. Bc2 d5
22. Rc1 dxe4 23. fxe4 Nfg4 24. Bb3 Bh6 25. Rf1 c4 26. Bc2 cxd3 27. Bxd3 Rfd8
28. Rd1 Bb5 29. Nc1 Bxd3 30. Ncxd3 Nxd3+ 31. Nxd3 Bxe3 0-1

[Event "C.to Provinciale PD"]
[Site "Padova ITA"]
[Date "1998.??.??"]
[Round "4"]
[White "Musiani, Carlo"]
[Black "Spinoso, Giovanni"]
[Result "1/2-1/2"]
[WhiteElo "1300"]
[BlackElo "1400"]
[PlyCount "125"]
[EventDate "1998.??.??"]

1. d4 d6 2. e4 g6 3. Nf3 Bg4 4. Bc4 Nc6 5. Be3 Bg7 6. c3 e6 7. Nbd2 Nge7 8. Qb3
d5 9. Bd3 Rb8 10. e5 O-O 11. h3 Bxf3 12. Nxf3 Na5 13. Qc2 b6 14. h4 Nf5 15. Bg5
Qd7 16. g4 Nh6 17. Bxh6 Bxh6 18. h5 Bf4 19. hxg6 fxg6 20. Bxg6 hxg6 21. Qxg6+
Qg7 22. Qh5 Nc4 23. b3 Na3 24. Ke2 c5 25. dxc5 bxc5 26. Rag1 Rb7 27. Rh4 Qh7
28. Rgh1 Qxh5 29. Rxh5 Rg7 30. g5 a5 31. Rg1 Nb5 32. Kd3 c4+ 33. bxc4 dxc4+ 34.
Kxc4 Nc7 35. g6 Nd5 36. Nd4 Nc7 37. Ne2 Bd2 38. Kd3 Bxc3 39. Nxc3 Rf3+ 40. Kc4
Rf4+ 41. Kb3 Rxf2 42. Rh3 Rf5 43. Rd3 Ne8 44. Rd8 Kf8 45. Nb5 Ke7 46. Rgd1 Rxg6
47. Nc7 Rg3+ 48. Ka4 Rg4+ 49. Kxa5 Rxe5+ 50. Kb6 Rb4+ 51. Kc6 Rc4+ 52. Kb6 Nxc7
53. R1d7+ Kf6 54. Rxc7 Rxc7 55. Kxc7 Rd5 56. Rxd5 exd5 57. a4 d4 58. a5 d3 59.
a6 d2 60. a7 d1=Q 61. a8=Q Qc1+ 62. Qc6+ Qxc6+ 63. Kxc6 1/2-1/2

[Event "C.to Provinciale PD"]
[Site "Padova ITA"]
[Date "1998.??.??"]
[Round "4"]
[White "Pilotto, Alessandro"]
[Black "Quaranta, Cristiano"]
[Result "0-1"]
[WhiteElo "1500"]
[BlackElo "1500"]
[PlyCount "147"]
[EventDate "1998.??.??"]

1. e4 e5 2. Nf3 Nc6 3. Bb5 a6 4. Bc4 Bc5 5. a3 Nf6 6. d3 h6 7. O-O O-O 8. h3 b5
9. Ba2 d6 10. Re1 Kh8 11. b4 Bb6 12. Be3 Bxe3 13. Rxe3 Nh7 14. Nc3 f5 15. Bd5
Bb7 16. exf5 Rxf5 17. Nh2 Qd7 18. Be4 Rff8 19. Nd5 Nd4 20. Nb6 cxb6 21. Bxb7
Qxb7 22. Rc1 Rac8 23. c3 Ne6 24. d4 e4 25. Qg4 Neg5 26. h4 Nf6 27. Qg3 Nf7 28.
Qg6 d5 29. Rg3 Nd6 30. Ng4 Nxg4 31. Rxg4 Qe7 32. Rg3 Qf6 33. Rc2 Qxg6 34. Rxg6
Rf6 35. Rg3 Nf5 36. Rh3 Nxd4 37. Rd2 Ne6 38. Rg3 Rd8 39. Rg4 h5 40. Rg3 d4 41.
cxd4 Rxd4 42. Rc2 Rc4 43. Rd2 Nf4 44. Rg5 Rcc6 45. Rd7 Rg6 46. g3 Rxg5 47. hxg5
Ne6 48. Rd5 Rc4 49. g6 Kg8 50. Rd6 Nf8 51. Rd8 Rc3 52. Rb8 Rxa3 53. Rxb6 Ra4
54. Kf1 Rxb4 55. Rxa6 Rd4 56. Rb6 Rd5 57. Ke2 Nd7 58. Re6 Kf8 59. Rxe4 Re5 60.
Rxe5 Nxe5 61. Kd2 Nxg6 62. Kc3 Kf7 63. Kb4 Kf6 64. Kxb5 Kf5 65. f3 Ne5 66. f4
Ng6 67. Kc5 Nxf4 68. Kd4 Ne2+ 69. Ke3 Nxg3 70. Kf3 h4 71. Kg2 Kg4 72. Kh2 g6
73. Kg2 g5 74. Kh2 0-1

[Event "C.to Provinciale PD"]
[Site "Padova ITA"]
[Date "1998.??.??"]
[Round "4"]
[White "Santi, Lorenzo"]
[Black "Palmieri, Vincenzo"]
[Result "1-0"]
[WhiteElo "1600"]
[BlackElo "1300"]
[PlyCount "89"]
[EventDate "1998.??.??"]

1. e4 e5 2. Nf3 Nc6 3. Bc4 Bc5 4. d3 d6 5. Ng5 Nh6 6. O-O O-O 7. Nc3 Nd4 8. Be3
Ng4 9. Nf3 Nxf3+ 10. Qxf3 Nxh2 11. Kxh2 Qh4+ 12. Kg1 Bg4 13. g3 Qh5 14. Qh1
Bxe3 15. Qxh5 Bxf2+ 16. Rxf2 Bxh5 17. Raf1 c6 18. Nd1 b5 19. Bb3 a5 20. a3 Ra7
21. Ne3 Kh8 22. g4 Bg6 23. Nf5 Rd7 24. Nh4 d5 25. Nxg6+ hxg6 26. g5 Rd6 27.
Rxf7 Rxf7 28. Rxf7 Kg8 29. Re7 Kf8 30. Rxe5 Kf7 31. exd5 cxd5 32. Rxd5 Ke7 33.
Rxb5 Rd4 34. Rxa5 Rg4+ 35. Kf2 Rf4+ 36. Ke2 Rf5 37. Rxf5 gxf5 38. a4 Kd6 39.
Ke3 Ke5 40. a5 f4+ 41. Kf3 Kf5 42. a6 Kxg5 43. a7 Kh4 44. a8=Q g5 45. Qh8# 1-0

[Event "C.to Provinciale PD"]
[Site "Padova ITA"]
[Date "1998.??.??"]
[Round "4"]
[White "Sinato, Fabrizio"]
[Black "Zotti, Enrico"]
[Result "1-0"]
[WhiteElo "1719"]
[BlackElo "1719"]
[PlyCount "111"]
[EventDate "1998.??.??"]

1. e4 e5 2. Nf3 Nc6 3. Bb5 Nf6 4. d3 Bc5 5. c3 Qe7 6. O-O O-O 7. Bg5 h6 8. Bh4
g5 9. Bg3 Nh5 10. Bxe5 Nxe5 11. Nxe5 Nf4 12. Ng4 Qe6 13. d4 Bb6 14. Nd2 d5 15.
Ne5 c6 16. exd5 Qxd5 17. Bxc6 bxc6 18. Ndf3 c5 19. c4 Qe4 20. Re1 Qf5 21. d5
Bd7 22. g4 Nh3+ 23. Kf1 Qf4 24. Nxd7 Qxc4+ 25. Qe2 Qxe2+ 26. Rxe2 Rfd8 27. Re7
Nf4 28. Rd1 Ng6 29. Nf6+ Kg7 30. Nh5+ Kf8 31. Re2 Rd6 32. Ne5 Ne7 33. Ng3 Rad8
34. Rde1 Rxd5 35. Nxf7 Ba5 36. Nxd8 Bxe1 37. Ne6+ Kf7 38. Kxe1 Ng6 39. Nf5 Ne5
40. f4 Nxg4 41. h3 Rxf5 42. hxg4 Rd5 43. f5 c4 44. Rc2 Re5+ 45. Kf2 Kf6 46.
Rxc4 h5 47. Kf3 hxg4+ 48. Kxg4 Rxf5 49. Ng7 Rb5 50. Nh5+ Ke6 51. b3 a5 52. Ng3
Rb4 53. Ne4 Ke5 54. Rxb4 axb4 55. Nc5 Kd4 56. Na6 1-0

[Event "C.to Provinciale PD"]
[Site "Padova ITA"]
[Date "1998.??.??"]
[Round "4"]
[White "Tessari, Gianni"]
[Black "Molena, Paolo"]
[Result "1-0"]
[WhiteElo "1400"]
[BlackElo "1507"]
[PlyCount "160"]
[EventDate "1998.??.??"]

1. Nf3 b5 2. a4 b4 3. c3 a5 4. cxb4 axb4 5. Qb3 e6 6. e3 Bb7 7. Be2 Nf6 8. d3
Nc6 9. O-O Na5 10. Qd1 Be7 11. Nbd2 O-O 12. b3 c5 13. Bb2 d6 14. Ne4 Nxe4 15.
dxe4 Bxe4 16. Bd3 f5 17. Rc1 Bxf3 18. gxf3 Bf6 19. Rb1 Bxb2 20. Rxb2 Qf6 21.
Rb1 Qg6+ 22. Kh1 Rf6 23. Rg1 Qh5 24. f4 Qxd1 25. Rgxd1 Rh6 26. Bb5 d5 27. Rdc1
Rc8 28. Rc2 Rc7 29. Rcc1 Kf7 30. Rc2 Ke7 31. Kg2 Kd6 32. h3 Rg6+ 33. Kh2 h6 34.
Be8 Rf6 35. h4 Ke7 36. Bb5 Rg6 37. h5 Rg4 38. Be2 Rh4+ 39. Kg3 g5 40. Rcc1 Kf6
41. fxg5+ hxg5 42. f4 Rc6 43. Bb5 Rg4+ 44. Kh3 Rh4+ 45. Kg3 Rc8 46. Be2 Rc7 47.
Rc2 e5 48. fxe5+ Kxe5 49. Rcc1 Re4 50. Bf3 Rxe3 51. Re1 d4 52. Rxe3+ dxe3 53.
Bd1 Rd7 54. Rc1 Kd4 55. Bc2 Ke5 56. Bxf5 Nxb3 57. Bxd7 Nxc1 58. h6 Kf6 59. h7
Kg7 60. Bf5 Ne2+ 61. Kg2 Nd4 62. h8=Q+ Kxh8 63. a5 Nxf5 64. a6 e2 65. Kf2 g4
66. a7 g3+ 67. Ke1 Kg7 68. a8=Q Nd4 69. Qa7+ Kf6 70. Qxc5 Nf5 71. Kxe2 b3 72.
Kd1 Kg5 73. Qb5 g2 74. Qc5 Kg4 75. Qg1 Kg3 76. Kc1 Kf3 77. Kb2 Ne3 78. Kxb3 Ke2
79. Kc3 Nd1+ 80. Kd4 Ne3 1-0

[Event "C.to Provinciale PD"]
[Site "Padova ITA"]
[Date "1998.??.??"]
[Round "5"]
[White "Aguggiaro, Renzo"]
[Black "Pilotto, Alessandro"]
[Result "1-0"]
[WhiteElo "1516"]
[BlackElo "1500"]
[PlyCount "61"]
[EventDate "1998.??.??"]

1. d4 d5 2. c4 dxc4 3. e3 e6 4. Bxc4 Be7 5. Nf3 Nf6 6. Nc3 Nc6 7. O-O a6 8. Re1
b5 9. Bb3 Bb7 10. a3 O-O 11. e4 h6 12. Bc2 Nh7 13. d5 exd5 14. exd5 Na5 15. Qd4
Ng5 16. Bxg5 Bxg5 17. Qd3 f5 18. Re5 Bc8 19. b3 Nb7 20. b4 Nd6 21. Rae1 Nc4 22.
R5e2 Bd7 23. Nd1 Qf6 24. Bb3 Kh8 25. Ne5 Nxe5 26. Rxe5 Bf4 27. Re7 Rf7 28. d6
Rxe7 29. Rxe7 Re8 30. Qd5 Rxe7 31. Qg8# 1-0

[Event "C.to Provinciale PD"]
[Site "Padova ITA"]
[Date "1998.??.??"]
[Round "5"]
[White "Bonetto, Giorgio"]
[Black "Marigo, Narciso"]
[Result "1-0"]
[WhiteElo "1546"]
[BlackElo "1603"]
[PlyCount "71"]
[EventDate "1998.??.??"]

1. e4 d6 2. d4 Nd7 3. Bd3 e5 4. c3 Be7 5. Nf3 Ngf6 6. h3 h6 7. Be3 a6 8. Nbd2
Nh7 9. Qe2 b5 10. b4 O-O 11. Nh2 Bg5 12. O-O Bxe3 13. Qxe3 Nhf6 14. f4 Nh5 15.
fxe5 dxe5 16. Nhf3 Qe7 17. Rf2 g5 18. Kh2 Nf4 19. Bf1 f6 20. g3 Ng6 21. Bg2 Rb8
22. Rh1 exd4 23. Nxd4 Nde5 24. Kg1 Bd7 25. Nf5 Bxf5 26. exf5 Nh8 27. Bd5+ Kg7
28. Qe2 Qd6 29. Be6 Rbd8 30. Kg2 Qc6+ 31. Ne4 Rd3 32. Kh2 Rfd8 33. Re1 Qe8 34.
Nxf6 Qe7 35. Nh5+ Kh7 36. Qxe5 1-0

[Event "C.to Provinciale PD"]
[Site "Padova ITA"]
[Date "1998.??.??"]
[Round "5"]
[White "Carraro, Antonio"]
[Black "Scarpa, Luca"]
[Result "0-1"]
[WhiteElo "1543"]
[BlackElo "1400"]
[PlyCount "84"]
[EventDate "1998.??.??"]

1. e4 e6 2. d4 d5 3. Nd2 Nf6 4. e5 Nfd7 5. Bd3 Nc6 6. Ngf3 Nb4 7. Be2 b6 8. a3
Na6 9. O-O Bb7 10. Re1 Be7 11. Nf1 Nab8 12. Ng3 Ba6 13. Bxa6 Nxa6 14. Qd3 Nab8
15. b3 Nf8 16. Nh5 Rg8 17. c4 g6 18. Ng3 h5 19. cxd5 Qxd5 20. Ne2 g5 21. Qc4
Qxc4 22. bxc4 g4 23. Nd2 Nc6 24. Ne4 O-O-O 25. Bb2 Na5 26. d5 Nxc4 27. Bc3 exd5
28. Nf6 Bxf6 29. exf6 Ne6 30. Rad1 Nxa3 31. Ng3 d4 32. Bb4 Nc2 33. Be7 Rd7 34.
Re2 d3 35. Rxe6 fxe6 36. f7 Rh8 37. f8=Q+ Rxf8 38. Bxf8 c5 39. Nxh5 c4 40. Ng3
a5 41. Bh6 a4 42. Bd2 a3 0-1

[Event "C.to Provinciale PD"]
[Site "Padova ITA"]
[Date "1998.??.??"]
[Round "5"]
[White "Luisetto, Alessandro"]
[Black "Sinato, Fabrizio"]
[Result "1-0"]
[WhiteElo "1789"]
[BlackElo "1719"]
[PlyCount "93"]
[EventDate "1998.??.??"]

1. e4 c5 2. Nf3 d6 3. d4 cxd4 4. Nxd4 Nf6 5. Nc3 a6 6. Be2 e5 7. Nf3 Be7 8. h3
O-O 9. O-O b5 10. a3 Bb7 11. Bd3 Nbd7 12. Be3 Qc7 13. Bg5 h6 14. Bh4 g5 15. Bg3
Nc5 16. Re1 Rfe8 17. Nh2 Nxd3 18. cxd3 Rad8 19. Rc1 Qd7 20. Qf3 Qe6 21. Nf1 g4
22. hxg4 Nxg4 23. Ne3 Nxe3 24. fxe3 Bg5 25. Rc2 d5 26. exd5 Bxd5 27. Nxd5 Qxd5
28. Qxd5 Rxd5 29. Rc3 Red8 30. Kf2 Kg7 31. Rd1 f5 32. Ke2 a5 33. Rc7+ Kg6 34.
Be1 a4 35. Bc3 Kh5 36. d4 Kg4 37. Rf1 e4 38. Rf7 R8d7 39. Rxd7 Rxd7 40. Rd1 Rd5
41. Be1 Be7 42. Rc1 f4 43. Rc6 Rh5 44. exf4 Rh2 45. Rg6+ Kf5 46. Rg8 h5 47. Bd2
{...} 1-0